000 00488nam a2200169Ia 4500
999 _c26341
_d26341
003 OSt
005 20201120103731.0
008 190216s9999||||xx |||||||||||||| ||und||
040 _coclc
082 _a920
_bTHA/A
100 _aTharakan, K M
_96797
245 0 _aAnaswaranaya Uroob /
_cK M Tharakan
260 _bSahithya Pravarthaka Sahakarana Sangam,
_aTrivandrum;
_c1976.
300 _a474p
650 _aOormakurip
942 _cBK
_2ddc
_h920
_iTHA/A
_k920
_mTHA/A